| 000 -LEADER |
| fixed length control field |
00444nam a2200157 4500 |
| 008 - FIXED-LENGTH DATA ELEMENTS--GENERAL INFORMATION |
| fixed length control field |
200228b ||||| |||| 00| 0 eng d |
| 082 00 - DEWEY DECIMAL CLASSIFICATION NUMBER |
| Classification number |
621.4022 |
| Item number |
E532 |
| 100 ## - MAIN ENTRY--PERSONAL NAME |
| 9 (RLIN) |
1243 |
| Personal name |
Eckert, E. R. G. |
| 245 10 - TITLE STATEMENT |
| Title |
Heat and Mass Transfer / |
| 250 ## - EDITION STATEMENT |
| Edition statement |
1st ed. |
| 260 ## - PUBLICATION, DISTRIBUTION, ETC. (IMPRINT) |
| Place of publication, distribution, etc |
New Delhi |
| Name of publisher, distributor, etc |
TMH |
| Date of publication, distribution, etc |
1974 |
| 300 ## - PHYSICAL DESCRIPTION |
| Extent |
xiv, 530 p. |
| 650 #0 - SUBJECT ADDED ENTRY--TOPICAL TERM |
| Topical term or geographic name as entry element |
Heat Transmission |
| 700 ## - ADDED ENTRY--PERSONAL NAME |
| 9 (RLIN) |
1244 |
| Personal name |
Drake, Robert M. |
| 942 ## - ADDED ENTRY ELEMENTS (KOHA) |
| Source of classification or shelving scheme |
|
| Item type |
Books |